| 000 | 00989nam a2200277Ia 4500 | ||
|---|---|---|---|
| 001 | Para_2573 | ||
| 003 | CHAP | ||
| 008 | 220125s1898 xx 000 0 und d | ||
| 010 | _a204598 | ||
| 040 | _cCHAP | ||
| 082 | _aPA-C 595.704 I58 | ||
| 100 |
_aJenet, Charles _961299 |
||
| 245 |
_aEtudes sur les formis, les gupes et les abeilles : _b Aiguillon de la myrmica rubra appareil de fermeture de la glande a venin / _c Charles Janet |
||
| 260 |
_aParis : _b Georges Carre et C. Naud |
||
| 300 | _a27 p. + 3 láms. | ||
| 440 |
_aInsect Morphology; V.1 _9170531 |
||
| 500 | _aEncuadernado con: Les fourmis/Charles Janet 70-14 | ||
| 650 |
_aInsectos _x Anatomía y Fisiología _x Colecciones de escritos Abejas _x Anatomía y Fisiología Hormigas _9170535 |
||
| 901 | _aPA-C 595.704 I58 | ||
| 902 | _aA | ||
| 905 | _a0000001898 PAR 0000000000 00 | ||
| 910 | _a1898 | ||
| 942 | _cPARA | ||
| 942 |
_cPARA _d1 |
||
| 999 |
_c204598 _d204598 |
||